书目信息 |
| 题名: |
现代汽车防抱死制动系统和驱动力控制系统
|
|
| 作者: | 崔艳萍 ;孟嗣宗 | |
| 分册: | ||
| 出版信息: | 北京 北京理工大学出版社 1997 |
|
| 页数: | 151页 | |
| 开本: | 21cm | |
| 丛书名: | 现代汽车电子控制系列丛书 | |
| 单 册: | ||
| 中图分类: | U463.52 | |
| 科图分类: | ||
| 主题词: | 汽车--制动装置, 防抱 , 汽车--驱动装置--控制系统 | |
| 电子资源: | ||
| ISBN: | 7-81045-292-4 | |
| 000 | 01098nam 2200301 450 | |
| 001 | CAL 012000484650 | |
| 005 | 20061121150150.43 | |
| 010 | @a7-81045-292-4@dCNY 7.50 | |
| 099 | @aCAL 012000484650 | |
| 100 | @a19980320d1997 m y0chiy0121 ea | |
| 101 | 0 | @achi |
| 102 | @aCN@b110000 | |
| 105 | @aa z 000yy | |
| 200 | 1 | @a现代汽车防抱死制动系统和驱动力控制系统@Axiandai qiche fang baosi zhidong xitong he qudongli kongzhi xitong@f孟嗣宗,崔艳萍编著@Fmeng si zong,cui yan ping bian zhu |
| 210 | @a北京@c北京理工大学出版社@d1997 | |
| 215 | @a151页@c图表@d21cm | |
| 225 | 2 | @a现代汽车电子控制系列丛书@h工程技术类 |
| 300 | @a附: 参考文献 | |
| 330 | @a本书以丰田、奔驰、凌志车系为例, 简要介绍了现代汽车防抱死制动系统(ABS)和驱动力控制系统(TRC)的结构、工作原理、故障诊断及维修方法等. | |
| 410 | 0 | @12001 @a现代汽车电子控制系列丛书 |
| 606 | 0 | @a汽车@x制动装置, 防抱 |
| 606 | 0 | @a汽车@x驱动装置@x控制系统 |
| 690 | @aU463.52@v4 | |
| 701 | 0 | @a崔艳萍@ACui Yanping@c(汽车工程) |
| 702 | 0 | @a孟嗣宗@AMeng Sizong |
| 801 | @aCN@c20061121 | |
| 905 | @a10447@dU463.52@eM614 | |
| 998 | @aSJT | |
| 现代汽车防抱死制动系统和驱动力控制系统/孟嗣宗,崔艳萍编著.-北京:北京理工大学出版社,1997 |
| 151页:图表;21cm.-(现代汽车电子控制系列丛书.工程技术类) |
| 附: 参考文献 |
| ISBN 7-81045-292-4:CNY 7.50 |
| 本书以丰田、奔驰、凌志车系为例, 简要介绍了现代汽车防抱死制动系统(ABS)和驱动力控制系统(TRC)的结构、工作原理、故障诊断及维修方法等. |
| ● |
| 相关链接 |
|
|
|
正题名:现代汽车防抱死制动系统和驱动力控制系统
索取号:U463.52/M614
 
预约/预借
| 序号 | 登录号 | 条形码 | 馆藏地/架位号 | 状态 | 备注 |
| 1 | 612380 | 206123808 | 期刊室512/501自科库 86排1列4层/ [索取号:U463.52/M614] | 在馆 | |
| 2 | 612381 | 206123817 | 自科库501/501自科库 56排2列2层/ [索取号:U463.52/M614] | 在馆 | |
| 3 | 612382 | 206123826 | 自科库501/501自科库 56排2列2层/ [索取号:U463.52/M614] | 在馆 |